マリオカートワールド コース名 - Statistics

General Stats
  • This quiz has been taken 48 times
  • The average score is 23 of 30
Answer Stats
コース名 % Correct
マリオサーキット
94%
クッパキャッスル
86%
レインボーロード
86%
マリオブラザーズサーキット
83%
キラーシップ
83%
ロゼッタてんもんだい
83%
アイスビルディング
83%
ノコノコビーチ
83%
キノピオファクトリー
83%
DKうちゅうセンター
83%
シュポポコースター
81%
ヘイホーカーニバル
78%
ワリオスタジアム
78%
ピーチスタジアム
78%
ハテナしんでん
78%
トロフィーシティ
75%
サンサンさばく
75%
おばけシネマ
75%
DKスノーマウンテン
75%
ピーチビーチ
72%
ディノディノジャングル
72%
モーモーカントリー
69%
ワリオシップ
67%
チョコマウンテン
64%
どんぐりツリーハウス
64%
プクプクフォールズ
61%
ショーニューロード
61%
ホネホネツイスター
61%
リバーサイドサファリ
58%
ソルティータウン
58%
No matching quizzes found
Score Distribution
Percent of People with Each Score
Percentile by Number Answered
Your Score History
You have not taken this quiz